Can You Name All The Characteristics Of Hank From Brawl Stars? - Statistics

General Stats
  • This quiz has been taken 2 times
  • The average score is 5 of 15
Answer Stats
Hint Answer % Correct
Rarity Epic
100%
Trait Damage Received
50%
Trio Deep Sea
50%
Hypercharge Homing Fish-iles
50%
Star Power It's Gonna Blow
50%
Prestige Title Lil Tenant
50%
Buffies No
50%
Title Prawn Ready
50%
Class Tank
50%
Voice Actor Austen Moret
0%
Attack Balloon Blast
0%
Gadgets Barricade
0%
Super Fish Torpedo
0%
Star Power Take Cover
0%
Gadgets Water Balloons
0%
No matching quizzes found
Score Distribution
Percent of People with Each Score
Percentile by Number Answered
Your Score History
You have not taken this quiz